[Event "Russian Blitz Championship (m)"]
[Site "Sochi"]
[Date "2022.10.14"]
[Round "11.8"]
[White "Makarian, Rudik"]
[Black "Grachev, Boris"]
[Result "1/2-1/2"]
[BlackElo "2565"]
[WhiteElo "2405"]
[LiveChessVersion "1.4.8"]

1. d4 {[%clk 0:03:02]} d5 {[%clk 0:03:03]} 2. c4 {[%clk 0:03:03]} e6
{[%clk 0:03:05]} 3. Nc3 {[%clk 0:03:02]} Nf6 {[%clk 0:03:05]} 4. cxd5
{[%clk 0:03:03]} exd5 {[%clk 0:03:06]} 5. Bf4 {[%clk 0:03:03]} Bd6
{[%clk 0:03:05]} 6. Bxd6 {[%clk 0:03:03]} Qxd6 {[%clk 0:03:06]} 7. e3
{[%clk 0:03:04]} Bf5 {[%clk 0:02:49]} 8. Qf3 {[%clk 0:03:05]} Bg6
{[%clk 0:02:48]} 9. h4 {[%clk 0:03:03]} h5 {[%clk 0:02:43]} 10. Nh3
{[%clk 0:03:00]} Be4 {[%clk 0:02:26]} 11. Qf4 {[%clk 0:02:54]} Qxf4
{[%clk 0:02:23]} 12. Nxf4 {[%clk 0:02:54]} c6 {[%clk 0:02:24]} 13. f3
{[%clk 0:02:54]} Bh7 {[%clk 0:02:21]} 14. Rh3 {[%clk 0:02:34]} Bf5
{[%clk 0:02:12]} 15. Rg3 {[%clk 0:02:26]} g6 {[%clk 0:02:12]} 16. Bd3
{[%clk 0:02:27]} Bxd3 {[%clk 0:02:11]} 17. Nxd3 {[%clk 0:02:27]} Nbd7
{[%clk 0:02:13]} 18. Kd2 {[%clk 0:02:27]} O-O-O {[%clk 0:01:49]} 19. Rh3
{[%clk 0:02:25]} Rhe8 {[%clk 0:01:48]} 20. Rhh1 {[%clk 0:02:25]} Kb8
{[%clk 0:01:49]} 21. Na4 {[%clk 0:02:23]} Nb6 {[%clk 0:01:50]} 22. b3
{[%clk 0:02:22]} Nfd7 {[%clk 0:01:43]} 23. Nxb6 Nxb6 24. Nc5 {[%clk 0:02:18]} Nd7
{[%clk 0:01:43]} 25. Nd3 {[%clk 0:02:16]} Re7 {[%clk 0:01:40]} 26. Rhe1
{[%clk 0:02:12]} Rde8 {[%clk 0:01:41]} 27. Re2 {[%clk 0:02:12]} Nf8
{[%clk 0:01:18]} 28. Rae1 {[%clk 0:01:26]} Ne6 {[%clk 0:01:19]} 29. Kc3
{[%clk 0:01:25]} Rd8 {[%clk 0:01:14]} 30. b4 {[%clk 0:01:19]} a6 {[%clk 0:01:03]}
31. Nc5 {[%clk 0:01:15]} Rde8 {[%clk 0:00:35]} 32. Kd3 {[%clk 0:01:09]} Kc7
{[%clk 0:00:30]} 33. g3 {[%clk 0:01:03]} b6 {[%clk 0:00:16]} 34. Nxe6+
{[%clk 0:00:25]} Rxe6 {[%clk 0:00:16]} 35. e4 {[%clk 0:00:26]} f6
{[%clk 0:00:11]} 36. a3 {[%clk 0:00:23]} Kd6 {[%clk 0:00:12]} 37. Re3
{[%clk 0:00:17]} R6e7 {[%clk 0:00:10]} 38. R3e2 {[%clk 0:00:05]} Re6
{[%clk 0:00:12]} 39. Re3 {[%clk 0:00:04]} R6e7 {[%clk 0:00:13]} 40. e5+ Kxe5
1/2-1/2

[Event "Russian Blitz Championship (m)"]
[Site "Sochi"]
[Date "2022.10.14"]
[Round "11.9"]
[White "Iljiushenok, Ilia"]
[Black "Chigaev, Maksim"]
[Result "1/2-1/2"]
[BlackElo "2537"]
[WhiteElo "2467"]
[LiveChessVersion "1.4.8"]

1. e4 {[%clk 0:03:02]} c5 {[%clk 0:03:04]} 2. Nf3 {[%clk 0:03:02]} e6
{[%clk 0:03:04]} 3. d4 {[%clk 0:03:02]} cxd4 {[%clk 0:03:05]} 4. Nxd4
{[%clk 0:03:03]} Nf6 {[%clk 0:03:06]} 5. Nc3 {[%clk 0:03:04]} Nc6
{[%clk 0:03:07]} 6. a3 {[%clk 0:02:53]} Be7 {[%clk 0:02:45]} 7. Be3
{[%clk 0:02:38]} O-O {[%clk 0:02:33]} 8. Be2 {[%clk 0:02:15]} a6 {[%clk 0:02:29]}
9. O-O {[%clk 0:02:14]} Qc7 {[%clk 0:02:28]} 10. f4 {[%clk 0:02:08]} d6
{[%clk 0:02:28]} 11. Kh1 {[%clk 0:02:02]} Nxd4 {[%clk 0:02:08]} 12. Bxd4
{[%clk 0:01:57]} e5 {[%clk 0:02:05]} 13. Be3 {[%clk 0:01:35]} exf4
{[%clk 0:02:02]} 14. Rxf4 {[%clk 0:01:26]} Be6 {[%clk 0:02:02]} 15. Bd4
{[%clk 0:01:26]} Rac8 {[%clk 0:01:43]} 16. Qe1 {[%clk 0:01:23]} Nd7
{[%clk 0:01:39]} 17. Qg3 {[%clk 0:01:18]} Ne5 {[%clk 0:01:38]} 18. Raf1
{[%clk 0:01:17]} h6 {[%clk 0:01:00]} 19. Bd3 {[%clk 0:01:11]} Bg5
{[%clk 0:00:40]} 20. R4f2 {[%clk 0:01:12]} Qd8 {[%clk 0:00:30]} 21. Bxe5
{[%clk 0:01:12]} dxe5 {[%clk 0:00:30]} 22. Qxe5 {[%clk 0:01:13]} Re8
{[%clk 0:00:25]} 23. Nd5 {[%clk 0:01:04]} Bh4 {[%clk 0:00:13]} 24. Rf4
{[%clk 0:00:37]} Bg5 {[%clk 0:00:09]} 25. R4f2 {[%clk 0:00:33]} Bh4
{[%clk 0:00:10]} 26. g3 {[%clk 0:00:20]} Bxd5 {[%clk 0:00:05]} 27. Qxd5
{[%clk 0:00:20]} Qxd5 {[%clk 0:00:06]} 28. exd5 {[%clk 0:00:22]} Bf6
{[%clk 0:00:08]} 29. c3 {[%clk 0:00:15]} Rcd8 {[%clk 0:00:04]} 30. Rd2
{[%clk 0:00:15]} Bg5 {[%clk 0:00:04]} 31. Rdd1 {[%clk 0:00:15]} g6
{[%clk 0:00:05]} 32. Bc4 {[%clk 0:00:12]} Rd6 {[%clk 0:00:05]} 33. Rf2
{[%clk 0:00:12]} Kg7 {[%clk 0:00:06]} 34. Kg2 {[%clk 0:00:13]} h5
{[%clk 0:00:06]} 35. Re2 {[%clk 0:00:13]} Rc8 {[%clk 0:00:06]} 36. Bb3
{[%clk 0:00:13]} h4 {[%clk 0:00:07]} 37. Rde1 {[%clk 0:00:12]} Rdd8
{[%clk 0:00:05]} 38. Re4 {[%clk 0:00:08]} hxg3 {[%clk 0:00:05]} 39. hxg3
{[%clk 0:00:10]} b5 {[%clk 0:00:06]} 40. Re5 {[%clk 0:00:08]} Bf6
{[%clk 0:00:06]} 41. R5e4 {[%clk 0:00:09]} Rb8 {[%clk 0:00:05]} 42. R1e2
{[%clk 0:00:10]} a5 {[%clk 0:00:05]} 43. Rf2 {[%clk 0:00:11]} Rd6
{[%clk 0:00:05]} 44. Rfe2 {[%clk 0:00:11]} Rdd8 {[%clk 0:00:05]} 45. Ba2
{[%clk 0:00:11]} Rbc8 {[%clk 0:00:05]} 46. a4 {[%clk 0:00:09]} bxa4
{[%clk 0:00:05]} 47. Rxa4 {[%clk 0:00:11]} Rc5 {[%clk 0:00:06]} 48. Rf4
{[%clk 0:00:08]} Rd6 {[%clk 0:00:06]} 49. Ref2 {[%clk 0:00:07]} Rc7
{[%clk 0:00:06]} 50. c4 {[%clk 0:00:05]} Bg5 {[%clk 0:00:05]} 51. Re4
{[%clk 0:00:06]} f5 {[%clk 0:00:03]} 52. Re6 {[%clk 0:00:04]} Rxe6
{[%clk 0:00:04]} 53. dxe6 {[%clk 0:00:06]} Be7 {[%clk 0:00:03]} 54. Rd2
{[%clk 0:00:06]} Kf6 {[%clk 0:00:04]} 55. Rd7 {[%clk 0:00:06]} Rc5
{[%clk 0:00:05]} 56. Rd5 {[%clk 0:00:06]} Kxe6 {[%clk 0:00:04]} 57. Rxc5
{[%clk 0:00:07]} Bxc5 {[%clk 0:00:05]} 1/2-1/2

[Event "Russian Blitz Championship (m)"]
[Site "Sochi"]
[Date "2022.10.14"]
[Round "11.10"]
[White "Dragomarezkij, Evgeni"]
[Black "Savchenko, Boris"]
[Result "0-1"]
[BlackElo "2530"]
[WhiteElo "2283"]
[LiveChessVersion "1.4.8"]

1. d4 {[%clk 0:03:04]} Nf6 {[%clk 0:03:02]} 2. c4 {[%clk 0:03:05]} e6
{[%clk 0:03:03]} 3. Nf3 {[%clk 0:03:06]} c5 {[%clk 0:03:03]} 4. Nc3
{[%clk 0:03:05]} cxd4 {[%clk 0:03:01]} 5. Nxd4 {[%clk 0:03:06]} a6
{[%clk 0:03:00]} 6. e4 {[%clk 0:03:06]} d6 {[%clk 0:02:56]} 7. Be2
{[%clk 0:03:05]} Be7 {[%clk 0:02:57]} 8. Be3 {[%clk 0:03:07]} b6 {[%clk 0:02:56]}
9. O-O {[%clk 0:03:06]} O-O {[%clk 0:02:55]} 10. Qd2 {[%clk 0:03:07]} Bb7
{[%clk 0:02:56]} 11. f3 {[%clk 0:03:08]} Qc7 {[%clk 0:02:54]} 12. a4
{[%clk 0:03:07]} Nc6 {[%clk 0:02:54]} 13. Nxc6 {[%clk 0:03:00]} Bxc6
{[%clk 0:02:54]} 14. Rfc1 {[%clk 0:02:42]} Qb7 {[%clk 0:02:36]} 15. a5
{[%clk 0:02:37]} bxa5 {[%clk 0:02:36]} 16. Rxa5 {[%clk 0:02:38]} Rfb8
{[%clk 0:02:34]} 17. Ra2 {[%clk 0:02:31]} Nd7 {[%clk 0:02:29]} 18. Rb1
{[%clk 0:02:10]} Qb4 {[%clk 0:02:20]} 19. Qc2 {[%clk 0:01:49]} Bf6
{[%clk 0:02:17]} 20. Bd2 {[%clk 0:01:35]} Qb6+ {[%clk 0:02:13]} 21. Kh1
{[%clk 0:01:27]} Qf2 {[%clk 0:02:12]} 22. Rf1 {[%clk 0:01:13]} Qh4
{[%clk 0:02:09]} 23. Be1 {[%clk 0:01:10]} Qh6 {[%clk 0:02:05]} 24. Bg3
{[%clk 0:01:07]} Be5 {[%clk 0:01:54]} 25. Bxe5 {[%clk 0:01:05]} dxe5
{[%clk 0:01:52]} 26. Rd1 {[%clk 0:00:55]} Nc5 {[%clk 0:01:32]} 27. Qd2
{[%clk 0:00:42]} Qxd2 {[%clk 0:01:31]} 28. Rxd2 {[%clk 0:00:43]} Nb3
{[%clk 0:01:32]} 29. Rd1 {[%clk 0:00:38]} Kf8 {[%clk 0:01:24]} 30. Kg1
{[%clk 0:00:38]} Ke7 {[%clk 0:01:24]} 31. Kf2 {[%clk 0:00:39]} Nd4
{[%clk 0:01:21]} 32. Ke3 {[%clk 0:00:35]} Kd6 {[%clk 0:01:15]} 33. f4
{[%clk 0:00:28]} Kc5 {[%clk 0:00:57]} 34. fxe5 {[%clk 0:00:26]} Nxe2
{[%clk 0:00:57]} 35. Kxe2 {[%clk 0:00:19]} Kxc4 {[%clk 0:00:50]} 36. Rd6
{[%clk 0:00:13]} Rc8 {[%clk 0:00:38]} 37. Ke3 {[%clk 0:00:10]} a5
{[%clk 0:00:36]} 38. Ne2 {[%clk 0:00:04]} a4 {[%clk 0:00:33]} 39. Ra3
{[%clk 0:00:04]} Be8 {[%clk 0:00:27]} 40. Rc3+ {[%clk 0:00:05]} Kb4
{[%clk 0:00:27]} 41. Rd4+ {[%clk 0:00:05]} Ka5 {[%clk 0:00:27]} 42. Kd2
{[%clk 0:00:04]} Bc6 {[%clk 0:00:17]} 43. Rc5+ {[%clk 0:00:04]} Kb6
{[%clk 0:00:18]} 44. Rdc4 {[%clk 0:00:05]} Rd8+ {[%clk 0:00:17]} 45. Kc3
{[%clk 0:00:05]} Bb5 {[%clk 0:00:18]} 46. Rxb5+ Kxb5 47. Nd4+ Kb6 48. Rb4+ Kc7
49. Nb5+ 0-1

[Event "Russian Blitz Championship (m)"]
[Site "Sochi"]
[Date "2022.10.14"]
[Round "11.11"]
[White "Moiseenko, Vadim"]
[Black "Triapishko, Alexandr"]
[Result "0-1"]
[BlackElo "2479"]
[WhiteElo "2492"]
[LiveChessVersion "1.4.8"]

1. e4 {[%clk 0:03:03]} c6 {[%clk 0:03:03]} 2. Nf3 {[%clk 0:03:03]} d5
{[%clk 0:03:04]} 3. d3 {[%clk 0:03:03]} dxe4 {[%clk 0:02:57]} 4. dxe4
{[%clk 0:03:04]} Qxd1+ {[%clk 0:02:57]} 5. Kxd1 {[%clk 0:03:05]} f6
{[%clk 0:02:57]} 6. Bc4 {[%clk 0:02:53]} e5 {[%clk 0:02:57]} 7. Be3
{[%clk 0:02:53]} Nd7 {[%clk 0:02:57]} 8. Nbd2 {[%clk 0:02:49]} Bc5
{[%clk 0:02:53]} 9. a4 {[%clk 0:02:42]} Bxe3 {[%clk 0:02:23]} 10. fxe3
{[%clk 0:02:42]} a5 {[%clk 0:02:17]} 11. Ke2 {[%clk 0:02:38]} Nh6
{[%clk 0:02:14]} 12. g4 {[%clk 0:02:26]} Nf7 {[%clk 0:02:01]} 13. Rhg1
{[%clk 0:02:14]} Nd6 {[%clk 0:01:30]} 14. g5 {[%clk 0:02:07]} Nc5
{[%clk 0:01:29]} 15. gxf6 {[%clk 0:02:02]} gxf6 {[%clk 0:01:30]} 16. Rg7
{[%clk 0:01:56]} Be6 {[%clk 0:01:13]} 17. Bd3 {[%clk 0:01:39]} Bf7
{[%clk 0:00:55]} 18. Nh4 {[%clk 0:01:25]} O-O-O {[%clk 0:00:39]} 19. Rxf7
{[%clk 0:00:12]} Nxf7 {[%clk 0:00:37]} 20. Nc4 {[%clk 0:00:13]} Rhg8
{[%clk 0:00:28]} 21. Rf1 {[%clk 0:00:11]} Rg4 {[%clk 0:00:18]} 22. Rxf6
{[%clk 0:00:04]} Rxh4 {[%clk 0:00:16]} 23. Rxf7 {[%clk 0:00:05]} Rxh2+
{[%clk 0:00:17]} 24. Kf3 {[%clk 0:00:06]} Ne6 {[%clk 0:00:15]} 25. Re7
{[%clk 0:00:06]} Nc5 {[%clk 0:00:08]} 26. Nxe5 {[%clk 0:00:04]} Rh3+
{[%clk 0:00:06]} 27. Kg4 0-1

[Event "Russian Blitz Championship (m)"]
[Site "Sochi"]
[Date "2022.10.14"]
[Round "11.12"]
[White "Khubukshanov, Erdem"]
[Black "Tsydypov, Zhamsaran"]
[Result "0-1"]
[BlackElo "2598"]
[WhiteElo "2377"]
[LiveChessVersion "1.4.8"]

1. e4 {[%clk 0:03:03]} c5 {[%clk 0:03:03]} 2. Nf3 {[%clk 0:03:03]} d6
{[%clk 0:03:05]} 3. Bb5+ {[%clk 0:03:04]} Nd7 {[%clk 0:03:06]} 4. Ba4
{[%clk 0:03:05]} a6 {[%clk 0:02:59]} 5. c4 {[%clk 0:03:06]} e5 {[%clk 0:03:00]}
6. Nc3 {[%clk 0:03:07]} Ne7 {[%clk 0:02:59]} 7. a3 {[%clk 0:03:08]} Ng6
{[%clk 0:02:56]} 8. d3 {[%clk 0:03:08]} Be7 {[%clk 0:02:56]} 9. O-O
{[%clk 0:03:07]} O-O {[%clk 0:02:55]} 10. b4 {[%clk 0:03:08]} Nb6
{[%clk 0:02:54]} 11. Bc2 {[%clk 0:03:08]} f5 {[%clk 0:02:51]} 12. exf5
{[%clk 0:03:09]} Bxf5 {[%clk 0:02:51]} 13. h3 {[%clk 0:03:07]} Qd7
{[%clk 0:02:39]} 14. bxc5 {[%clk 0:02:48]} dxc5 {[%clk 0:02:40]} 15. Rb1
{[%clk 0:02:42]} Nc8 {[%clk 0:02:07]} 16. Ne4 {[%clk 0:02:28]} Kh8
{[%clk 0:01:44]} 17. Ng3 {[%clk 0:02:13]} Nd6 {[%clk 0:01:32]} 18. Re1
{[%clk 0:02:01]} Bf6 {[%clk 0:01:33]} 19. Bg5 {[%clk 0:01:54]} Bxg5
{[%clk 0:01:29]} 20. Nxg5 {[%clk 0:01:55]} Rae8 {[%clk 0:01:29]} 21. Nf3
{[%clk 0:01:24]} Nxc4 {[%clk 0:00:59]} 22. Nxf5 {[%clk 0:01:16]} Nxa3
{[%clk 0:01:00]} 23. Ng3 {[%clk 0:00:51]} Nxb1 {[%clk 0:00:59]} 24. Bxb1
{[%clk 0:00:52]} Qc6 {[%clk 0:00:45]} 25. Ne4 {[%clk 0:00:51]} Nf4
{[%clk 0:00:45]} 26. g3 {[%clk 0:00:37]} Nd5 {[%clk 0:00:41]} 27. Nfd2
{[%clk 0:00:30]} b5 {[%clk 0:00:40]} 28. Nb3 {[%clk 0:00:27]} c4 {[%clk 0:00:36]}
29. dxc4 {[%clk 0:00:23]} bxc4 {[%clk 0:00:35]} 30. Nbc5 {[%clk 0:00:21]} Nc3
{[%clk 0:00:24]} 31. Nxc3 {[%clk 0:00:20]} Qxc5 {[%clk 0:00:25]} 32. Ne4
{[%clk 0:00:20]} Qd4 {[%clk 0:00:23]} 33. Qa4 {[%clk 0:00:20]} Rb8
{[%clk 0:00:22]} 34. Bc2 {[%clk 0:00:12]} Qb2 {[%clk 0:00:20]} 35. Re2
{[%clk 0:00:10]} Qb5 {[%clk 0:00:16]} 36. Qa3 {[%clk 0:00:11]} Rbd8
{[%clk 0:00:12]} 37. Nc3 {[%clk 0:00:09]} Qb6 {[%clk 0:00:13]} 38. Nd5
{[%clk 0:00:08]} Qd4 {[%clk 0:00:13]} 39. Nc7 {[%clk 0:00:07]} Qd6
{[%clk 0:00:12]} 40. Qxd6 {[%clk 0:00:05]} Rxd6 {[%clk 0:00:13]} 41. Rxe5
{[%clk 0:00:06]} Rd2 {[%clk 0:00:14]} 42. Be4 {[%clk 0:00:05]} Rdxf2
{[%clk 0:00:15]} 43. Nxa6 {[%clk 0:00:06]} Rf1+ {[%clk 0:00:13]} 44. Kh2
{[%clk 0:00:07]} R8f2+ {[%clk 0:00:15]} 45. Bg2 {[%clk 0:00:08]} g6
{[%clk 0:00:15]} 46. Nc5 {[%clk 0:00:05]} Rc1 {[%clk 0:00:14]} 47. Ne4
{[%clk 0:00:05]} Re2 {[%clk 0:00:15]} 48. Ng5 {[%clk 0:00:06]} Rxe5
{[%clk 0:00:13]} 49. Nf7+ {[%clk 0:00:07]} Kg7 {[%clk 0:00:14]} 50. Nxe5
{[%clk 0:00:08]} c3 {[%clk 0:00:13]} 51. Be4 {[%clk 0:00:06]} Re1
{[%clk 0:00:14]} 0-1

[Event "Russian Blitz Championship (m)"]
[Site "Sochi"]
[Date "2022.10.14"]
[Round "11.13"]
[White "Babanin, Gleb"]
[Black "Kezin, Roman"]
[Result "0-1"]
[BlackElo "2503"]
[WhiteElo "2346"]
[LiveChessVersion "1.4.8"]

1. e4 {[%clk 0:03:03]} c5 {[%clk 0:03:04]} 2. Nf3 {[%clk 0:03:04]} e6
{[%clk 0:03:00]} 3. g3 {[%clk 0:03:05]} Nc6 {[%clk 0:02:59]} 4. Bg2
{[%clk 0:03:06]} Nf6 {[%clk 0:03:01]} 5. d3 {[%clk 0:03:06]} d5 {[%clk 0:02:25]}
6. Nbd2 {[%clk 0:03:07]} Be7 {[%clk 0:02:23]} 7. O-O {[%clk 0:03:06]} b6
{[%clk 0:02:25]} 8. Re1 {[%clk 0:02:59]} Bb7 {[%clk 0:02:26]} 9. c3
{[%clk 0:02:46]} Qc7 {[%clk 0:02:25]} 10. Nf1 {[%clk 0:02:42]} O-O-O
{[%clk 0:02:03]} 11. Bf4 {[%clk 0:02:38]} e5 {[%clk 0:01:50]} 12. exd5
{[%clk 0:02:32]} exf4 {[%clk 0:01:48]} 13. dxc6 {[%clk 0:02:33]} Bxc6
{[%clk 0:01:48]} 14. Ne5 {[%clk 0:02:18]} Bxg2 {[%clk 0:01:34]} 15. Kxg2
{[%clk 0:02:19]} fxg3 {[%clk 0:01:31]} 16. hxg3 {[%clk 0:02:16]} Bd6
{[%clk 0:01:30]} 17. d4 {[%clk 0:02:05]} Bxe5 {[%clk 0:00:45]} 18. Rxe5
{[%clk 0:02:05]} Kb8 {[%clk 0:00:46]} 19. Rg5 {[%clk 0:01:24]} Qc6+
{[%clk 0:00:06]} 20. Qf3 {[%clk 0:01:20]} Qxf3+ {[%clk 0:00:05]} 21. Kxf3
{[%clk 0:01:21]} cxd4 {[%clk 0:00:03]} 22. Rxg7 {[%clk 0:01:17]} dxc3
{[%clk 0:00:04]} 23. bxc3 {[%clk 0:01:18]} Rd3+ {[%clk 0:00:05]} 24. Ne3
{[%clk 0:01:14]} Rf8 {[%clk 0:00:03]} 25. Rc1 {[%clk 0:01:11]} Kb7
{[%clk 0:00:03]} 26. Ke2 {[%clk 0:01:11]} Rd7 {[%clk 0:00:04]} 27. Rh1
{[%clk 0:01:11]} Ne4 {[%clk 0:00:05]} 28. Kf3 {[%clk 0:01:06]} Nxc3
{[%clk 0:00:05]} 29. Rhxh7 {[%clk 0:01:03]} Nxa2 {[%clk 0:00:06]} 30. g4
{[%clk 0:01:03]} a5 {[%clk 0:00:04]} 31. g5 {[%clk 0:01:02]} Ka6 {[%clk 0:00:03]}
32. Rh6 {[%clk 0:00:55]} Nc3 {[%clk 0:00:03]} 33. Nc4 {[%clk 0:00:49]} Rb7
{[%clk 0:00:03]} 34. Ke3 {[%clk 0:00:38]} Nb5 {[%clk 0:00:04]} 35. g6
{[%clk 0:00:23]} fxg6 {[%clk 0:00:04]} 36. Rxb7 {[%clk 0:00:19]} Kxb7
{[%clk 0:00:05]} 37. Rxg6 {[%clk 0:00:20]} Re8+ {[%clk 0:00:04]} 38. Kd3
{[%clk 0:00:15]} Rd8+ {[%clk 0:00:06]} 39. Ke3 {[%clk 0:00:13]} Re8+
{[%clk 0:00:06]} 40. Kf4 {[%clk 0:00:14]} Rf8+ {[%clk 0:00:06]} 41. Kg3
{[%clk 0:00:15]} Nd4 {[%clk 0:00:03]} 42. Rxb6+ {[%clk 0:00:15]} Ka7
{[%clk 0:00:03]} 43. Rb2 {[%clk 0:00:09]} Nc6 {[%clk 0:00:03]} 44. f4
{[%clk 0:00:09]} Rd8 {[%clk 0:00:03]} 45. f5 {[%clk 0:00:06]} Rd3+
{[%clk 0:00:05]} 46. Kf2 {[%clk 0:00:05]} Rd4 {[%clk 0:00:06]} 47. Ne3
{[%clk 0:00:04]} a4 {[%clk 0:00:06]} 48. Ke2 {[%clk 0:00:04]} Ka6
{[%clk 0:00:06]} 49. Rd2 {[%clk 0:00:04]} Rf4 {[%clk 0:00:03]} 50. Kd3
{[%clk 0:00:04]} Kb5 {[%clk 0:00:03]} 51. Kc3 {[%clk 0:00:04]} Nb4
{[%clk 0:00:04]} 52. Rd8 {[%clk 0:00:04]} Na2+ {[%clk 0:00:03]} 53. Kb2
{[%clk 0:00:05]} Nb4 {[%clk 0:00:04]} 54. Kc3 {[%clk 0:00:04]} Nc6
{[%clk 0:00:05]} 55. Rd7 {[%clk 0:00:04]} Rf3 {[%clk 0:00:06]} 56. Kd2
{[%clk 0:00:04]} a3 {[%clk 0:00:07]} 57. Rb7+ {[%clk 0:00:04]} Ka4
{[%clk 0:00:07]} 58. Rb6 {[%clk 0:00:04]} Na5 {[%clk 0:00:04]} 59. Nd5
{[%clk 0:00:04]} Nc4+ {[%clk 0:00:05]} 60. Ke2 {[%clk 0:00:05]} Nxb6
{[%clk 0:00:05]} 61. Nxb6+ {[%clk 0:00:04]} Kb3 {[%clk 0:00:06]} 0-1

[Event "Russian Blitz Championship (m)"]
[Site "Sochi"]
[Date "2022.10.14"]
[Round "11.14"]
[White "Bocharov, Dmitry"]
[Black "Lesovoi, Evgenij"]
[Result "1-0"]
[BlackElo "2339"]
[WhiteElo "2484"]
[LiveChessVersion "1.4.8"]

1. d4 {[%clk 0:03:02]} Nf6 {[%clk 0:03:03]} 2. c4 {[%clk 0:03:03]} e6
{[%clk 0:03:04]} 3. g3 {[%clk 0:03:03]} d5 {[%clk 0:03:04]} 4. Bg2
{[%clk 0:03:03]} Bb4+ {[%clk 0:03:03]} 5. Bd2 {[%clk 0:03:03]} Be7
{[%clk 0:03:04]} 6. Nf3 {[%clk 0:03:02]} O-O {[%clk 0:03:03]} 7. O-O
{[%clk 0:03:00]} Nbd7 {[%clk 0:03:02]} 8. Qc2 {[%clk 0:03:01]} c6
{[%clk 0:03:02]} 9. Bf4 {[%clk 0:02:56]} Nh5 {[%clk 0:02:59]} 10. Bc1
{[%clk 0:02:55]} Nhf6 {[%clk 0:03:00]} 11. Nbd2 {[%clk 0:02:55]} b6
{[%clk 0:03:00]} 12. e4 dxe4 {[%clk 0:02:58]} 13. Nxe4 {[%clk 0:02:55]} Bb7
{[%clk 0:02:54]} 14. Rd1 {[%clk 0:02:44]} Nxe4 {[%clk 0:02:45]} 15. Qxe4
{[%clk 0:02:44]} Nf6 {[%clk 0:02:29]} 16. Qc2 {[%clk 0:02:36]} Rc8
{[%clk 0:02:20]} 17. Bf4 {[%clk 0:02:33]} Bd6 {[%clk 0:01:43]} 18. Bxd6
{[%clk 0:02:09]} Qxd6 {[%clk 0:01:43]} 19. c5 {[%clk 0:02:09]} Qe7
{[%clk 0:01:40]} 20. Ne5 {[%clk 0:02:04]} Nd5 {[%clk 0:01:25]} 21. Rac1
{[%clk 0:01:58]} Rfd8 {[%clk 0:01:22]} 22. a3 {[%clk 0:01:38]} f6
{[%clk 0:00:53]} 23. Nf3 {[%clk 0:01:28]} Ba6 {[%clk 0:00:47]} 24. b4
{[%clk 0:01:24]} bxc5 {[%clk 0:00:17]} 25. bxc5 {[%clk 0:01:21]} Rb8
{[%clk 0:00:13]} 26. Re1 {[%clk 0:01:21]} Qf7 {[%clk 0:00:10]} 27. Bh3
{[%clk 0:01:07]} Nc7 {[%clk 0:00:11]} 28. Qe4 {[%clk 0:01:02]} Rb3
{[%clk 0:00:06]} 29. Re3 {[%clk 0:00:39]} Rxe3 {[%clk 0:00:05]} 30. Qxe3
{[%clk 0:00:39]} Rb8 {[%clk 0:00:05]} 31. Re1 {[%clk 0:00:38]} Bc4 32. Nd2
{[%clk 0:00:37]} Bd5 {[%clk 0:00:07]} 33. Ne4 {[%clk 0:00:38]} Bxe4
{[%clk 0:00:08]} 34. Qxe4 {[%clk 0:00:39]} Qd7 {[%clk 0:00:08]} 35. Bxe6+
{[%clk 0:00:38]} Nxe6 {[%clk 0:00:09]} 36. Qxe6+ {[%clk 0:00:38]} Qxe6
{[%clk 0:00:10]} 37. Rxe6 {[%clk 0:00:39]} Rd8 {[%clk 0:00:11]} 38. Rxc6
{[%clk 0:00:38]} Rxd4 {[%clk 0:00:13]} 39. Rc8+ {[%clk 0:00:36]} Kf7
{[%clk 0:00:14]} 40. Rc7+ {[%clk 0:00:37]} Kg6 {[%clk 0:00:15]} 41. Rxa7
{[%clk 0:00:38]} Rc4 {[%clk 0:00:16]} 42. Ra5 {[%clk 0:00:39]} h5
{[%clk 0:00:11]} 43. h4 {[%clk 0:00:40]} Kf5 {[%clk 0:00:11]} 44. c6+
{[%clk 0:00:37]} Kg4 {[%clk 0:00:07]} 45. Kg2 {[%clk 0:00:37]} Rc2
{[%clk 0:00:06]} 46. c7 {[%clk 0:00:33]} 1-0

[Event "Russian Blitz Championship (m)"]
[Site "Sochi"]
[Date "2022.10.14"]
[Round "11.15"]
[White "Ponomarev, Vsevolod"]
[Black "Turov, Maxim"]
[Result "0-1"]
[BlackElo "2465"]
[WhiteElo "2114"]
[LiveChessVersion "1.4.8"]

1. e4 {[%clk 0:03:03]} c6 {[%clk 0:03:03]} 2. d4 {[%clk 0:03:05]} d5
{[%clk 0:03:05]} 3. Nc3 {[%clk 0:03:06]} dxe4 {[%clk 0:03:06]} 4. Nxe4
{[%clk 0:03:07]} Nf6 {[%clk 0:03:07]} 5. Nxf6+ {[%clk 0:03:09]} exf6
{[%clk 0:03:08]} 6. c3 {[%clk 0:03:10]} Bd6 {[%clk 0:03:07]} 7. Bd3
{[%clk 0:03:11]} Na6 {[%clk 0:03:08]} 8. Ne2 {[%clk 0:03:09]} Bg4
{[%clk 0:02:46]} 9. Be3 {[%clk 0:02:51]} Nc7 {[%clk 0:02:39]} 10. Qc2
{[%clk 0:02:47]} Bh5 {[%clk 0:02:37]} 11. O-O-O {[%clk 0:02:38]} Bg6
{[%clk 0:02:34]} 12. Nf4 {[%clk 0:02:30]} Bxf4 {[%clk 0:02:06]} 13. Bxf4
{[%clk 0:02:30]} Ne6 {[%clk 0:02:07]} 14. Be3 {[%clk 0:02:25]} Qd5
{[%clk 0:02:05]} 15. c4 {[%clk 0:02:16]} Qxg2 {[%clk 0:01:50]} 16. d5
{[%clk 0:02:15]} cxd5 {[%clk 0:01:48]} 17. cxd5 {[%clk 0:02:16]} O-O
{[%clk 0:01:43]} 18. dxe6 {[%clk 0:01:57]} Rac8 {[%clk 0:01:31]} 19. exf7+
{[%clk 0:01:44]} Bxf7 {[%clk 0:01:19]} 20. Bc5 {[%clk 0:01:39]} Qg5+
{[%clk 0:01:09]} 21. Kb1 {[%clk 0:01:35]} Rxc5 {[%clk 0:01:08]} 22. Qe2
{[%clk 0:01:28]} Re8 {[%clk 0:01:01]} 23. Qf1 {[%clk 0:01:21]} Rd5
{[%clk 0:00:58]} 24. Rg1 {[%clk 0:01:08]} Qe5 {[%clk 0:00:44]} 25. Qg2
{[%clk 0:01:04]} g6 {[%clk 0:00:44]} 26. Rde1 {[%clk 0:00:46]} Qxe1+
{[%clk 0:00:40]} 27. Rxe1 {[%clk 0:00:47]} Rxe1+ {[%clk 0:00:40]} 28. Kc2
{[%clk 0:00:49]} Re7 {[%clk 0:00:37]} 29. Qg3 {[%clk 0:00:40]} Red7
{[%clk 0:00:26]} 30. Qb8+ {[%clk 0:00:05]} Rd8 {[%clk 0:00:24]} 31. Qxb7
{[%clk 0:00:06]} Rxd3 {[%clk 0:00:23]} 32. Qxa7 {[%clk 0:00:07]} Rd2+
{[%clk 0:00:24]} 33. Kc3 {[%clk 0:00:08]} R8d3+ {[%clk 0:00:24]} 34. Kb4
{[%clk 0:00:10]} Rxb2+ {[%clk 0:00:25]} 35. Kc5 {[%clk 0:00:11]} Rxa2
{[%clk 0:00:24]} 36. Qb6 {[%clk 0:00:10]} Kg7 {[%clk 0:00:24]} 0-1